• 首页
  • 本馆介绍
  • 公告通知
  • 最新文献
  • 馆藏检索
  • 电子资源
  • 读者导购
  • 参考咨询
  • 我的图书馆
  • 登录
  • 详细信息显示
  • 放入我的书架
  • 预约/预借图书
  • 作者相关作品
  • 分类相关作品
  • 丛书相关作品
  • 出版社相关作品

书目信息

  • 表格格式
  • 工作单格式
  • 卡片格式
题名:
抽样调查的理论方法和应用
    
 
作者: 胡健颖 , 孙山泽 主编
分册:  
出版信息: 北京   北京大学出版社  2000
页数: 279页
开本: 20cm
丛书名:
单 册:
中图分类: C81
科图分类:
主题词: 统计--方法
电子资源:
ISBN: 7-301-04547-6
000 00601nam0 2200205 45
001 0201091077
005 20051115152052.09
010    @a7-301-04547-6@dCNY16.00
092    @aCN
100    @a20020109d2000 km y0chiy0120 ea
101 0  @achi
200 1  @a抽样调查的理论方法和应用@AChou Yang Diao Cha De Li Lun Fang Fa He YingYong@f胡健颖,孙山泽主编@FHu Jian Ying,Sun Shan Ze Zhu Bian
210    @a北京@c北京大学出版社@d2000
215    @a279页@d20cm
606 0  @a统计@x方法
690    @aC81@v4
701  0 @a胡健颖@4主编
701  0 @a孙山泽@4主编
801    @aCN@bTSTC@c20051115
905    @a10447@dC81@e22
    
    抽样调查的理论方法和应用/胡健颖,孙山泽主编.-北京:北京大学出版社,2000
    279页;20cm
    
    
    ISBN 7-301-04547-6:CNY16.00
    
●
相关链接 在E读中查询图书 在五车中查询图书 在当当中查询图书 在豆瓣中查询图书


正题名:抽样调查的理论方法和应用     索取号:C81/22         预约/预借

序号 登录号 条形码 馆藏地/架位号 状态 备注
1 0303648   203036482   密集书库/ [索取号:C81/22] 在馆    
2 0303649   203036491   第一借阅区/ [索取号:C81/22] 在馆    
3 0303650   203036507   密集书库/ [索取号:C81/22] 在馆    
4 0303651   203036516   密集书库/ [索取号:C81/22] 在馆    
5 0303652   203036525   密集书库/ [索取号:C81/22] 在馆    
6 0303653   203036534   密集书库/ [索取号:C81/22] 在馆    
7 0303654   203036543   密集书库/ [索取号:C81/22] 在馆    
8 0303655   203036552   密集书库/ [索取号:C81/22] 在馆    
9 0303656   203036561   第一借阅区/ [索取号:C81/22] 在馆    
10 0303657   203036570   第一样本阅览室/ [索取号:C81/22] 在馆    
11 0367818   203678181   第一借阅区/ [索取号:C81/22] 在馆    
12 0367819   203678190   第一借阅区/ [索取号:C81/22] 在馆    
唐山师范学院图书馆 欢迎您!
大连网信软件有限公司© 版权所有